Normal view MARC view
  • Dr. Faheem Arif

Entry Personal Name

Number of records used in: 1

001 - CONTROL NUMBER

  • control field: 34959

003 - CONTROL NUMBER IDENTIFIER

  • control field: NUST

005 - DATE AND TIME OF LATEST TRANSACTION

  • control field: 20201109145032.0

008 - FIXED-LENGTH DATA ELEMENTS

  • fixed length control field: 201109|| aca||aabn | a|a d

040 ## - CATALOGING SOURCE

  • Original cataloging agency: NUST
  • Transcribing agency: NUST

100 ## - HEADING--PERSONAL NAME

  • Personal name: Dr. Faheem Arif

670 ## - SOURCE DATA FOUND

  • Source citation: Work cat.: (NUST): Khan, Waqas Ali 34958, Digital Forensic Analysis of IPhone /, 2012.
© 2023 Central Library, National University of Sciences and Technology. All Rights Reserved.